największe ulice w Koszalinie - Statystyki

Ogólne statystyki
  • Ten quiz został rozwiązany 20 razy
  • Średni wynik to 6 z 22
Statystyki odpowiedzi
Miejsce Długość w km Ulica: % Poprawnych
1 9,3 Zwycięstwa
89%
4 5.0 Gdanska
78%
6 4.5 Szczecińska
72%
5 4.6 Morska
67%
3 5.1 Słupska
56%
8 4.0 Piłsudskiego
50%
16 2.3 Lechicka
39%
22 1.8 Fałata
28%
11 3.2 1. Maja
22%
9 3.8 Kościuszki
22%
2 5.8 Lubiatowska
22%
17 2.2 Słowiańska
17%
15 2.4 Śniadeckich
17%
7 4.2 Batalionów chłopskich
11%
14 2.5 Parkowa
6%
21 1.8 Polna
6%
18 2.1 Orla
0%
19 2.0 Rodła
0%
20 1.9 Tetmajera
0%
13 2.8 Waryńskiego
0%
12 3.0 Wyspiańskiego
0%
10*** 3.5 Zwycięstwa i przedmieście
0%
Nie znaleziono quizów pasujących do podanych kryteriów
Rozkład punktacji
Procent ludzi z każdym wynikiem
Percentyl według liczby udzielonych odpowiedzi
Twoja historia wyników
Nie rozwiązałeś tego quizu